Hodnotenie efektívnosti manažmentu pohľadávok
Manažment pohľadávok - kredit manažment - jeho ciele a úlohy. Ukazovatele aktivity a ukazovatele likvidity. Index efektívnosti inkasa. Doba obratu pohľadávok. Manažment pohľadávok v číslach. Platobný index vybraných európskych krajín. Podiel nedobytných pohľadávok vo vybraných európskych krajinách....
Saved in:
| Main Author: | |
|---|---|
| Format: | Book Chapter |
| Language: | Slovak |
| Subjects: | |
| Tags: |
No Tags, Be the first to tag this record!
|
MARC
| LEADER | 00000naa$a2200000$$$4500 | ||
|---|---|---|---|
| 001 | 0088763 | ||
| 005 | 20240502072007.5 | ||
| 041 | 0 | |a slo | |
| 044 | |a SK | ||
| 245 | 1 | 0 | |a Hodnotenie efektívnosti manažmentu pohľadávok |c Zuzana Melicheríková |
| 520 | |a Manažment pohľadávok - kredit manažment - jeho ciele a úlohy. Ukazovatele aktivity a ukazovatele likvidity. Index efektívnosti inkasa. Doba obratu pohľadávok. Manažment pohľadávok v číslach. Platobný index vybraných európskych krajín. Podiel nedobytných pohľadávok vo vybraných európskych krajinách. Manažment pohľadávok na Slovensku. | ||
| 610 | 2 | 0 | |a pohľadávky |
| 610 | 2 | 0 | |a majetok finančný |
| 610 | 2 | 0 | |a úverovanie |
| 610 | 2 | 0 | |a úver obchodný |
| 610 | 2 | 0 | |a inkaso |
| 610 | 2 | 0 | |a záväzky |
| 610 | 2 | 0 | |a Európa |
| 610 | 2 | 0 | |a Slovensko |
| 100 | 1 | |a Melicheríková, Zuzana | |